Statistics for Diplomatic Missions of Malawi

Click here to take the quiz!

General Stats

  • This quiz has been taken 28 times
  • The average score is 32 of 42

Answer Stats

MissionAnswer% Correct
CountryChina
100%
CountrySouth Africa
100%
CountryUnited States
100%
CountryEthiopia
94%
CountryIndia
94%
CountryKenya
94%
CountryUnited Kingdom
94%
CountryZambia
94%
EmbassyBeijing
89%
CountryGermany
89%
CountryJapan
89%
CountryTanzania
89%
EmbassyWashington D.C.
89%
CountryZimbabwe
89%
EmbassyAddis Ababa
83%
CountryEgypt
83%
High CommissionLondon
83%
CountryMozambique
83%
High CommissionNew Delhi
83%
EmbassyBerlin
78%
Permanent MissionGeneva
78%
Consulate-GeneralJohannesburg
78%
High CommissionNairobi
78%
Permanent MissionNew York City
78%
High CommissionPretoria
78%
EmbassyTokyo
78%
CountryBrazil
72%
EmbassyCairo
72%
High CommissionDar es Salaam
72%
EmbassyHarare
72%
High CommissionLusaka
72%
High CommissionMaputo
67%
CountryMorocco
67%
CountryUnited Arab Emirates
67%
CountryBelgium
61%
EmbassyBrasília
61%
EmbassyBrussels
61%
Consulate-GeneralDubai
61%
CountryKuwait
44%
EmbassyKuwait City
44%
Consulate-GeneralLaayoune
22%
ConsulateTete
22%

Score Distribution

Percentile by Number Answered

Percent of People with Each Score

Your Score History

You have not taken this quiz